Ten years of transition: Slovakia at the crossroads (Will foreign investors save Slovak economy?)
Analýza celkového priebehu ekonomickej transformácie na Slovensku. Úloha priamych zahraničných investícií v SR. Opatrenia slovenskej vlády na podporu prílevu zahraničného kapitálu prijaté v roku 1999.
Na minha lista:
| Autor principal: | |
|---|---|
| Formato: | Capítulo de Livro |
| Idioma: | inglês |
| Assuntos: | |
| Tags: |
Sem tags, seja o primeiro a adicionar uma tag!
|
MARC
| LEADER | 00000naa a2200000 4500 | ||
|---|---|---|---|
| 001 | r040509 | ||
| 005 | 20230918080343.7 | ||
| 041 | 0 | |a eng | |
| 044 | |a SK | ||
| 245 | 1 | 0 | |a Ten years of transition: Slovakia at the crossroads (Will foreign investors save Slovak economy?) |c Soňa Ferenčíková |
| 520 | |a Analýza celkového priebehu ekonomickej transformácie na Slovensku. Úloha priamych zahraničných investícií v SR. Opatrenia slovenskej vlády na podporu prílevu zahraničného kapitálu prijaté v roku 1999. | ||
| 610 | 2 | 0 | |a riadenie hospodárske |
| 610 | 2 | 0 | |a reformy hospodárske |
| 610 | 2 | 0 | |a transformácia |
| 610 | 2 | 0 | |a Slovensko |
| 610 | 2 | 0 | |a investície priame zahraničné |
| 610 | 2 | 0 | |a stabilita hospodárstva |
| 100 | 1 | |a Ferenčíková, Soňa, 1960- | |